Keenan Resident Names - Statistics

General Stats
  • This quiz has been taken 9 times
  • The average score is 75 of 211
Answer Stats
1N % Correct
Jack Kuka
100%
Jack Owens
100%
Jack Thomas
100%
John Brann
100%
Josh Dobashi
100%
Riley McCoy
100%
Andrew Schnitter
89%
Andy Lusky
89%
Connor Casey
89%
Dom Ford
89%
Jakes
89%
Jayden Garcha
89%
Jayden Meredith
89%
Mike Morrissey
89%
Dean Lally
78%
Doug
78%
Drew Taddeo
78%
Jackson Blair
78%
Ryan Sporl
78%
Thomas Mazzurana
78%
Yitong
78%
Abdullah
67%
Brendan Lucey
67%
Brennan Lemp
67%
Caden Estes
67%
Cameron
67%
Carter Kenny
67%
Charlie Hodulik
67%
Henry Lytle
67%
Kieran Lobo
67%
Luke Petruconis
67%
Mo
67%
Spencer Moser
67%
Abe Packee
56%
Benny McWhirter
56%
Brady O'Neill
56%
Charlie Gray
56%
Daniel Mayer
56%
David Scully
56%
Dawson
56%
Ethan Laslo
56%
Evan Weltin
56%
Evaristo
56%
Jakob
56%
James Henning
56%
Jon Barnes
56%
Kolton
56%
Myles
56%
Nick Bullard
56%
Nick Facchini
56%
Owen
56%
Ransom
56%
Sean Wilson
56%
Tamsen
56%
Will Hamilton
56%
Abraham Medina
44%
Alan Yap
44%
Alec Chamberlain
44%
Alex English
44%
Andy Nunn
44%
Ben Jones
44%
Brady Frye
44%
Charles Scott
44%
Ethan Little
44%
Evan Smith
44%
Gabe Savage
44%
Graham
44%
Jack Caldara
44%
Jack Latilla Campbell
44%
Justin Hardy
44%
Melvin
44%
Patrick Noonan
44%
Will Hausman
44%
Will Sanders
44%
Alan Reyes
33%
Alex Mohama
33%
Alex Prongos
33%
Ben Isleib
33%
Carlos Soto
33%
Colin
33%
Creighton
33%
Daniel Murray
33%
Dilan Desai
33%
Dom Williams
33%
Dylan Meringolo
33%
Edward Curry
33%
Enoch
33%
Enzo
33%
Ethan Le
33%
Evan Mollick
33%
Gray
33%
Gus Tennessen
33%
Henry Hammond
33%
Ian Bamford
33%
Jack Davis
33%
Jack Everly
33%
Jack Fermo
33%
Jackson Matlock
33%
Jackson Powell
33%
Joe Matt
33%
Johnny Tran
33%
Josh Jones
33%
Julian Byrne
33%
Kellan
33%
Max Shugars
33%
Michael Xu
33%
Nicholas May
33%
Nick Ketcham
33%
Ollie
33%
Patrick Mulholland
33%
Peter Padilla
33%
Rich Fearon
33%
Ryan Carroll
33%
Sam Everly
33%
Sam Landon
33%
Samuel GodsWill
33%
Samuel O'Shaughnessy
33%
Thomas Kerber
33%
Tyler Nguyen
33%
Xan
33%
Zach Dsouza
33%
Zaden
33%
Aarya
22%
Andrew Bryan
22%
Arie
22%
Arshayah Marshall
22%
Benedict Althoff
22%
Brady Olson
22%
Brendan Dennis
22%
Charlie Kuhn
22%
Chris Cope
22%
Dean DiGuglielmo
22%
Declan
22%
Dom Munaretto
22%
Fei Wu
22%
Gabe Crudo
22%
Gray Rogaliner
22%
Joseph Befort
22%
Kenny Dice
22%
Ko'o Kia
22%
Nathan Brower
22%
NJ
22%
Nolan
22%
Rory McCarthy
22%
Ryan Wakim
22%
Sam Pardy
22%
Sam Scoville
22%
Santi Lopez
22%
Sawyer
22%
Sean O'Donnell
22%
Sean Parkes
22%
Teddy Lally
22%
Tommy Corbett
22%
Victor
22%
Aaron
11%
Alex Hockenyos
11%
Andrew Gryzenia
11%
Bryce
11%
Casey Stone
11%
Chris Orta
11%
Donal
11%
Ethan Montero
11%
Finn
11%
George Lopez
11%
Hussam
11%
Jack Haigh
11%
Jack Logan
11%
Jake Richardson
11%
James O'Sullivan
11%
Joey Liparoto
11%
Jorge Mendez
11%
Joshua Slocum
11%
JP Tamisiea
11%
Juan Sandoval
11%
Luke Hebert
11%
Manny
11%
Mark Zackery
11%
Matt Giordano
11%
Matthew Amante
11%
Matthew Wan
11%
Nico Liparoto
11%
Quinlen
11%
Richard Libretti
11%
Richard Taylor
11%
Ryan Drake
11%
Ryan Meenan
11%
Ted Cahill
11%
TJ Bowman
11%
Trevor Abel
11%
Victor Lee
11%
Will Kraz
11%
York
11%
Zach Cali
11%
Alexander Freiherr von Uckermann
0%
Carlos Jauregui
0%
Danny Llorens
0%
Demetri Matheou
0%
Evan Cox
0%
Gabriel Pastrana-O'Connor
0%
Hagan
0%
Jack Miller
0%
James Chen
0%
James Riemer
0%
Jonathan Apirion
0%
Juan Pablo Morales
0%
Lucas Padowan
0%
Matt Sarkees
0%
Max Scharpf
0%
Sam Reintjes
0%
Scrap Richardson
0%
Tyler Solon
0%
No matching quizzes found
Score Distribution
Percent of People with Each Score
Percentile by Number Answered
Your Score History
You have not taken this quiz